Guess the 1970s song lyrics #361 - Statistics

General Stats
  • This quiz has been taken 11 times
  • The average score is 113 of 197
Answer Stats
Answer % Correct
a
100%
on
100%
When
100%
you
100%
And
88%
do
88%
don't
88%
in
88%
know
88%
Like
88%
of
88%
Oh
88%
the
88%
The
88%
to
88%
want
88%
your
88%
You're
88%
you're
88%
gonna
75%
If
75%
It's
75%
let
75%
way
75%
Ain't
63%
day
63%
get
63%
give
63%
goin
63%
How
63%
Just
63%
nobody
63%
off
63%
out
63%
That
63%
that
63%
their
63%
world
63%
boy
50%
even
50%
good
50%
man
50%
respect
50%
Respect
50%
Take
50%
walking
50%
With
50%
women
50%
Won't
50%
yoursel
50%
yourself
50%
come
38%
everything
38%
hand
38%
here
38%
his
38%
make
38%
na
38%
names
38%
new
38%
ol
38%
something
38%
thing
38%
think
38%
around
25%
big
25%
bout
25%
brand
25%
Cause
25%
did
25%
face
25%
Keep
25%
Owes
25%
talkin
25%
Thinkin
25%
air
13%
anybody
13%
Anybody's
13%
backwards
13%
Bible
13%
cahoot
13%
cough
13%
cuss
13%
disrespect
13%
dumb
13%
enough
13%
first
13%
folk
13%
gentleman
13%
heck
13%
help
13%
kind
13%
mouth
13%
pollution
13%
president
13%
Put
13%
round
13%
sheet
13%
solution
13%
stop
13%
supposed
13%
that'll
13%
That'll
13%
No matching quizzes found
Score Distribution
Percent of People with Each Score
Percentile by Number Answered
Your Score History
You have not taken this quiz